000 00546nam a22001937a 4500
003 KOHA_MİRAKIL
005 20251119144733.0
008 251119b tu ||||| |||| 00| 0 tur d
020 _a9789750526336
040 _aTR-AnABB
_btur
_cTR-AnABB
041 _atur
082 _a947.083
_bSWA 2019
100 1 _aSwain,Geoffrey,
245 1 0 _aRus Devrimi'nin kısa tarihi /
_cGeoffrey Swain
260 _aİstanbul :
_bİletişim Yayınları,
_c2019
300 _a288 sayfa ;
_c17 cm
650 0 4 _aRus edebiyatı, roman
942 _2ddc
_cBK
999 _c9538
_d9538
900 _bGizem YORULMAZ